000 01171cam a22003014a 4500
001 14313260
003 GBCCL
005 20241126110351.0
008 060324s2006 ilu bd 001 0 eng
010 _a 2006010084
020 _a9780830824519 (cloth : alk. paper)
020 _a0830824510 (cloth : alk. paper)
040 _aDLC
_cDLC
_dDLC
042 _apcc
050 0 0 _aBT1103
_b.N48 2006
082 0 0 _a239.03
_222
_bCAM
245 0 0 _aNew dictionary of Christian apologetics /
_cGavin J. McGrath and W.C. Campbell-Jack, editors ; C. Stephen Evans, consulting editor.
260 _aDowners Grove, Ill. :
_bIVP Academic,
_cc2006.
300 _axx, 779 p. ;
_c26 cm.
504 _aIncludes bibliographical references and indexes.
650 0 _aApologetics
_vDictionaries.
_91746
700 1 _aMcGrath, Gavin.
_91747
700 1 _aCampbell-Jack, Walter Campbell.
_91748
700 1 _aEvans, C. Stephen.
_91749
906 _a7
_bcbc
_corignew
_d1
_eecip
_f20
_gy-gencatlg
942 _2ddc
_cREF
999 _c1023
_d1023